书目信息 |
| 题名: |
全国广播电视(传输系统)技术能手竞赛光纤传输辅导及习题精解
|
|
| 作者: | 阎婷婷 编著 | |
| 分册: | ||
| 出版信息: | 北京 中国广播影视出版社 2018 |
|
| 页数: | 337页 | |
| 开本: | 26cm | |
| 丛书名: | ||
| 单 册: | ||
| 中图分类: | TN943.5 | |
| 科图分类: | ||
| 主题词: | 电视信号传输--dian shi xin hao chuan shu--光纤传输系统--考核--自学参考资料 | |
| 电子资源: | ||
| ISBN: | 978-7-5043-8127-9 | |
| 000 | 01249nam0 2200253 450 | |
| 001 | 012001001343 | |
| 005 | 20131107194406.0 | |
| 010 | @a978-7-5043-8127-9@dCNY78.00 | |
| 099 | @aCAL 012019071108 | |
| 100 | @a20190604d2018 em y0chiy50 ea | |
| 101 | 0 | @achi |
| 102 | @aCN@b110000 | |
| 105 | @aak a 000yy | |
| 106 | @ar | |
| 200 | 1 | @a全国广播电视(传输系统)技术能手竞赛光纤传输辅导及习题精解@Aquan guo guang bo dian shi ( chuan shu xi tong ) ji shu neng shou jing sai guang xian chuan shu fu dao ji xi ti jing jie@f阎婷婷编著 |
| 210 | @a北京@c中国广播影视出版社@d2018 | |
| 215 | @a337页@c图@d26cm | |
| 320 | @a有书目 (第337页) | |
| 330 | @a本书分为上、中、下三篇,其中上篇为基础理论篇,中篇为专业知识篇,下篇为实用技能篇。基础理论篇包括广播电视信号的数字处理技术、数字信号的基带传输、广播电视数字传输中的关键技术、宽带网络技术等主要内容;专业知识篇包括光纤传输技术和广播电视光纤传输技术设施的原理及维护等内容;实用技能篇有广播电视光纤传输安全播出管理、光纤传输维护过程中的常用仪器仪表及其使用方法等内容。 | |
| 606 | 0 | @a电视信号传输@Adian shi xin hao chuan shu@x光纤传输系统@x考核@j自学参考资料 |
| 690 | @aTN943.5@v5 | |
| 701 | 0 | @a阎婷婷@Ayan ting ting@4编著 |
| 801 | 0 | @aCN@b北京卓展@c20191020 |
| 905 | @b1198073-6@dTN943.5@e280@f4 | |
| 全国广播电视(传输系统)技术能手竞赛光纤传输辅导及习题精解/阎婷婷编著.-北京:中国广播影视出版社,2018 |
| 337页:图;26cm |
| ISBN 978-7-5043-8127-9:CNY78.00 |
| 本书分为上、中、下三篇,其中上篇为基础理论篇,中篇为专业知识篇,下篇为实用技能篇。基础理论篇包括广播电视信号的数字处理技术、数字信号的基带传输、广播电视数字传输中的关键技术、宽带网络技术等主要内容;专业知识篇包括光纤传输技术和广播电视光纤传输技术设施的原理及维护等内容;实用技能篇有广播电视光纤传输安全播出管理、光纤传输维护过程中的常用仪器仪表及其使用方法等内容。 |
| ● |
| 相关链接 |
|
|
|
|
正题名:全国广播电视(传输系统)技术能手竞赛光纤传输辅导及习题精解
索取号:TN943.5/280
 
预约/预借
| 序号 | 登录号 | 条形码 | 馆藏地/架位号 | 状态 | 备注 |
| 1 | 1198073 | 211980739 | 第二样本阅览室/ [索取号:TN943.5/280] | 在馆 | |
| 2 | 1198074 | 211980748 | 第三借阅区/ [索取号:TN943.5/280] | 在馆 | |
| 3 | 1198075 | 211980757 | 第三借阅区/ [索取号:TN943.5/280] | 在馆 | |
| 4 | 1198076 | 211980766 | 第三借阅区/ [索取号:TN943.5/280] | 在馆 |